Meranie teploty pneumatiky pomocou bezkontaktného snímača teploty a následné zistenie vplyvu teploty na jazdnú dynamiku formulového vozidla
Salvato in:
| Autore principale: | |
|---|---|
| Altri autori: | |
| Natura: | Manoscritto Libro |
| Lingua: | slovacco |
| Pubblicazione: |
2022
|
| Soggetti: | |
| Accesso online: | http://is.stuba.sk/zp/portal_zp.pl?podrobnosti=165591 |
| Tags: |
Nessun Tag, puoi essere il primo ad aggiungerne!!
|
MARC
| LEADER | 00000ntm a22000003a 4500 | ||
|---|---|---|---|
| 001 | stuzp90947 | ||
| 003 | SK-STU | ||
| 005 | 20220611214154.9 | ||
| 007 | ta | ||
| 008 | 150427s2015----xo-----f-mn---000-0-slo-d | ||
| 040 | |a STU |b slo | ||
| 041 | 0 | |a slo | |
| 100 | 1 | |a Tasary, Frederik |u 020030 |k Z4 |4 aut |U SjF Strojnícka fakulta |T SjF Ústav dopravnej techniky a konštruovania |X 93339 |U J0030 |Y 806 |7 93339 | |
| 242 | 0 | 1 | |a Tire temperature measurement using a non-contact temperature sensor and determining the effect of temperature on the driving dynamics of a formula vehicle |y eng |
| 245 | 1 | 0 | |a Meranie teploty pneumatiky pomocou bezkontaktného snímača teploty a následné zistenie vplyvu teploty na jazdnú dynamiku formulového vozidla |
| 260 | |c 2022 | ||
| 650 | 4 | |a Formula Student |2 slo | |
| 650 | 4 | |a tvorba tepla |2 slo | |
| 650 | 4 | |a teplota pneumatiky |2 slo | |
| 650 | 4 | |a teplotný snímač |2 slo | |
| 650 | 4 | |a priľnavosť |2 slo | |
| 650 | 4 | |a grip |2 eng | |
| 650 | 4 | |a tire temperature |2 eng | |
| 650 | 4 | |a temperature sensor |2 eng | |
| 650 | 4 | |a heat generation |2 eng | |
| 650 | 4 | |a Formula Student |2 eng | |
| 700 | 1 | |a Milesich, Tomáš |u 020030 |k Z2 |4 ths |U SjF Strojnícka fakulta |T SjF Ústav dopravnej techniky a konštruovania |X 49630 |U J0030 |Y 806 |7 A000049630 | |
| 856 | 4 | |u http://is.stuba.sk/zp/portal_zp.pl?podrobnosti=165591 | |
| 996 | |b 284J046927 |c J* 3427/DDP |l JJSK |s A |a 24 |w stuzp90947_0001 | ||